000 00480nam a22001817a 4500
003 OSt
005 20140310182217.0
008 130529t xxu||||| |||| 00| 0 eng d
020 _a076842108X
050 _aBT 121.3
_b.D367 1981
082 _aHS 231.3
_bD389 1981
245 _aAbout the holy spirit /
_cRobert Gordon
260 _aHouston, TX :
_bLumen Christi Press,
_cc1981.
300 _a72 p. :
_c20 cm.
650 _aHoly Spirit
942 _2lcc
_cBK
999 _c10620
_d10620